Fill up with fuel for thought (Record no. 67375)

MARC details
000 -LEADER
fixed length control field 00887cam a2200241 4500
001 - CONTROL NUMBER
control field ABS64203
008 - FIXED-LENGTH DATA ELEMENTS--GENERAL INFORMATION
fixed length control field 000000n2001 000 0 eng u
035 ## - SYSTEM CONTROL NUMBER
System control number (Sirsi) u113152
100 ## - MAIN ENTRY--PERSONAL NAME
Personal name Hunter, D.
245 ## - TITLE STATEMENT
Title Fill up with fuel for thought
260 ## - PUBLICATION, DISTRIBUTION, ETC.
Date of publication, distribution, etc. 2001
490 ## - SERIES STATEMENT
Series statement Estates Gazette
Volume/sequential designation (0122) 2 June 2001, 146-147(2)
520 ## - SUMMARY, ETC.
Summary, etc. A "Mainly for students" article outlining how the valuer can use the future sustainable fuel throughput and the rental and capital values of petrol filling station premises to derive an appropriate valuation and the factors affecting the value of landfill sites.
590 ## - LOCAL NOTE (RLIN)
Local note ABS
650 ## - SUBJECT ADDED ENTRY--TOPICAL TERM
Topical term or geographic name entry element LANDFILL
650 ## - SUBJECT ADDED ENTRY--TOPICAL TERM
Topical term or geographic name entry element LANDFILL SITES
650 ## - SUBJECT ADDED ENTRY--TOPICAL TERM
Topical term or geographic name entry element MAINLY FOR STUDENTS
650 ## - SUBJECT ADDED ENTRY--TOPICAL TERM
Topical term or geographic name entry element PETROL FILLING STATIONS
650 ## - SUBJECT ADDED ENTRY--TOPICAL TERM
Topical term or geographic name entry element VALUATION BASIS
690 ## - LOCAL SUBJECT ADDED ENTRY--TOPICAL TERM (OCLC, RLIN)
Topical term or geographic name as entry element PROPERTY-PROPERTY APPRAISAL AND VALUATION
700 ## - ADDED ENTRY--PERSONAL NAME
Personal name Iwanicki, J.
942 ## - ADDED ENTRY ELEMENTS (KOHA)
Suppress in OPAC 0
Holdings
Withdrawn status Lost status Source of classification or shelving scheme Damaged status Not for loan Home library Current library Shelving location Date acquired Total Checkouts Full call number Barcode Date last seen Copy number Price effective from Koha item type
    Dewey Decimal Classification     London London Journal article 19/06/2001   ABS64203 113152-1001 06/08/2019 1 06/08/2019 Journal article